Statistics for All For King & Country Songs

Click here to take the quiz!

General Stats

  • This quiz has been taken 12 times
  • The average score is 18 of 52

Answer Stats

Answer% Correct
Burn the Ships
78%
Joy
78%
God Only Knows
67%
Pioneers
67%
Crave
56%
Priceless
56%
Run Wild
56%
Amen
44%
Broken Halos
44%
Ceasefire
44%
Control
44%
Hold Her
44%
Love Me Like I Am
44%
Together
44%
Unsung Hero
44%
Wholehearted
44%
Benediction
33%
Busted Heart (Hold On to Me)
33%
Cheering You On
33%
Fine Fine Life
33%
Fix My Eyes
33%
For God Is With Us
33%
It's Not Over Yet
33%
Light It Up
33%
Long Live
33%
Matter
33%
Need You More
33%
Relate
33%
Seasons
33%
Shy
33%
The Proof of Your Love
33%
To The Dreamers
33%
Already Home
22%
Fight On, Fighter
22%
Hold On Pain Ends
22%
Introit
22%
Love's To Blame
22%
Middle of Your Heart
22%
Missing
22%
Never Give Up
22%
No Turning Back
22%
O God Forgive Us
22%
People Change
22%
Prelude (Fix My Eyes)
22%
Pushing on a Pull Door
22%
Sane
22%
Shoulders
22%
This Is Love
22%
Unity
22%
Without You
22%
Harmony
11%
Steady
11%

Score Distribution

Percentile by Number Answered

Percent of People with Each Score

Your Score History

You have not taken this quiz